000 00836nam a22002057a 4500
005 20240604124319.0
010 _aHIN-127794
020 _a9789394928084
_c1000.00
035 _aHN-100140
037 _bDBAD
082 _a155.2
_21
100 _aश्रीचंदानी, सुरेश कुमार
_967309
245 _aआत्मविश्वास अर्जन/
_cसुरेश कुमार श्रीचंदानी
250 _aप्रथम
260 _aअजमेर
_bपद्म्कान्ता प्रकाशन
_c2021
270 _a403/16, ठठेरा चौक
_bअजमेर
_e305001
300 _a106पृ.
_c21 सेमी.(अजिल्द)
650 _aहिन्दी
_967310
942 _2ddc
_h155.2
_cHN
_mश्रीचन्दा
999 _c203499
_d203499